000 00732nam a2200229Ia 4500
005 20241129111327.0
008 241129s9999||||xx |||||||||||||| ||und||
020 _a978-0-323-95662-8
037 _aTB
040 _aCRL
_beng
_cCRL
041 _aeng
_2eng
084 _a2:97 R3
_qCRL
100 _aBaker David [et...al] Ed.
_9724088
245 0 _aBenchmarking library, information, and education services: new Strategic choices in challenging times
_cBaker David [et...al] Ed.
260 _aCambridge, UK
_bElservier
_c2023
300 _axliii,375p.
365 _aUSD
_b98.95
490 _aChandos advances in information series
650 _aLibrary Science
942 _cTB
_h2:97 R3
999 _c1229941
_d1229941